[Event "POL-ch U16"]
[Site "Leba"]
[Date "2007.03.30"]
[Round "9"]
[White "Srutwa, Maciej"]
[Black "Sygnet, Bartosz"]
[Result "1-0"]
[WhiteElo "1866"]
[BlackElo "1878"]
[PlyCount "63"]
[EventDate "2007.03.24"]
[EventType "swiss"]
[EventRounds "11"]
[EventCountry "POL"]
[SourceTitle "EXT 2011"]
[Source "ChessBase"]
[SourceDate "2010.11.26"]
[SourceVersion "1"]
[SourceVersionDate "2010.11.26"]
[SourceQuality "1"]

1. e4 e6 2. d4 d5 3. exd5 exd5 4. Bd3 Bd6 5. Qf3 c6 6. Nc3 Be6 7. Nge2 Qf6 8. Qxf6 Nxf6 9. f3 Nbd7 10. Kf2 0-0 11. Bf4 Be7 12. Ng3 Rfe8 13. Rhe1 Nf8 14. Re2 g6 15. Rae1 Kg7 16. h4 h5 17. Nf1 c5 18. dxc5 Bxc5+ 19. Kg3 a6 20. a3 N8d7 21. Nd2 b5 22. Nb3 Bb6 23. Be3 Bc7+ 24. Kf2 Kh7 25. Bd4 Red8 26. Nc5 Nxc5 27. Bxc5 Rd7 28. Bd4 Ne8 29. Rxe6 fxe6 30. Rxe6 Rd6 31. Bxg6+ Kh6 32. Rxe8 1-0

[Event "POL-ch U16"]
[Site "Leba"]
[Date "2007.03.28"]
[Round "7"]
[White "Walczak, Krystian"]
[Black "Sygnet, Bartosz"]
[Result "1-0"]
[WhiteElo "1901"]
[BlackElo "1878"]
[PlyCount "41"]
[EventDate "2007.03.24"]
[EventType "swiss"]
[EventRounds "11"]
[EventCountry "POL"]
[SourceTitle "EXT 2011"]
[Source "ChessBase"]
[SourceDate "2010.11.26"]
[SourceVersion "1"]
[SourceVersionDate "2010.11.26"]
[SourceQuality "1"]

1. e4 e6 2. d3 d5 3. Nd2 b6 4. g3 Bb7 5. Bg2 c5 6. f4 Nc6 7. Ngf3 Qd7 8. 0-0 0-0-0 9. a3 g6 10. b4 cxb4 11. axb4 Bxb4 12. Ne5 Nxe5 13. fxe5 dxe4 14. Rxa7 Kb8 15. Rxb7+ Qxb7 16. Nxe4 Qa7 17. Nd6 Bxd6 18. exd6 f6 19. Qf3 Rd7 20. Bb2 Qb7 21. Qe3 1-0

[Event "POL-ch U16"]
[Site "Leba"]
[Date "2007.03.25"]
[Round "3"]
[White "Januszewski, Piotr"]
[Black "Sygnet, Bartosz"]
[Result "1-0"]
[WhiteElo "2000"]
[BlackElo "1878"]
[PlyCount "55"]
[EventDate "2007.03.24"]
[EventType "swiss"]
[EventRounds "11"]
[EventCountry "POL"]
[SourceTitle "EXT 2011"]
[Source "ChessBase"]
[SourceDate "2010.11.26"]
[SourceVersion "1"]
[SourceVersionDate "2010.11.26"]
[SourceQuality "1"]

1. e4 e5 2. Nf3 Nc6 3. d4 exd4 4. Bc4 d6 5. c3 dxc3 6. Nxc3 Be7 7. Qb3 Na5 8. Bxf7+ Kf8 9. Qb5 Kxf7 10. Qxa5 Be6 11. 0-0 c6 12. Qxd8 Rxd8 13. Be3 c5 14. Ng5+ Bxg5 15. Bxg5 Ne7 16. f4 h6 17. Bh4 Rd7 18. b3 Ke8 19. Rad1 Rf8 20. Nb5 Nc8 21. f5 Bg8 22. g4 a6 23. Nc3 Ne7 24. Na4 Nc8 25. Rfe1 b5 26. Nc3 Ne7 27. e5 g5 28. fxg6 1-0

[Event "Podhale-ch 23rd"]
[Site "Rabka Zdroj"]
[Date "2007.01.14"]
[Round "4"]
[White "Sygnet, Bartosz"]
[Black "Tomsia, Kamil"]
[Result "0-1"]
[WhiteElo "1878"]
[BlackElo "1984"]
[PlyCount "62"]
[EventDate "2007.01.12"]
[EventType "swiss"]
[EventRounds "9"]
[EventCountry "POL"]
[SourceTitle "EXT 2011"]
[Source "ChessBase"]
[SourceDate "2010.11.26"]
[SourceVersion "1"]
[SourceVersionDate "2010.11.26"]
[SourceQuality "1"]

1. e4 c5 2. Nf3 Nc6 3. Nc3 d6 4. a3 Nf6 5. Bc4 Bg4 6. d3 e6 7. Bb5 Qc7 8. Bf4 a6 9. Bxc6+ Qxc6 10. 0-0 Be7 11. Qd2 Bxf3 12. gxf3 0-0 13. Kh1 Kh8 14. Bg3 b5 15. f4 Nh5 16. f3 Bf6 17. Rab1 a5 18. Ne2 b4 19. axb4 axb4 20. b3 Ra2 21. Kg2 Rfa8 22. e5 Nxg3 23. exf6 Nxf1 24. fxg7+ Kg8 25. Rxf1 Rb2 26. f5 exf5 27. Ng3 Qd5 28. Nh5 Qe6 29. Qg5 Qg6 30. h4 Rxc2+ 31. Kg3 h6 0-1

[Event "Podhale-ch 23rd"]
[Site "Rabka Zdroj"]
[Date "2007.01.13"]
[Round "2"]
[White "Sadzikowski, Daniel"]
[Black "Sygnet, Bartosz"]
[Result "1-0"]
[WhiteElo "2049"]
[BlackElo "1878"]
[PlyCount "107"]
[EventDate "2007.01.12"]
[EventType "swiss"]
[EventRounds "9"]
[EventCountry "POL"]
[SourceTitle "EXT 2011"]
[Source "ChessBase"]
[SourceDate "2010.11.26"]
[SourceVersion "1"]
[SourceVersionDate "2010.11.26"]
[SourceQuality "1"]

1. e4 Nf6 2. e5 Nd5 3. d4 d6 4. c4 Nb6 5. f4 dxe5 6. fxe5 Bf5 7. Nf3 e6 8. Nc3 Nc6 9. a3 a5 10. b3 Be7 11. Be2 Qd7 12. 0-0 0-0 13. Be3 Bg4 14. Nb5 Rfd8 15. Ra2 a4 16. b4 Bxf3 17. gxf3 Na7 18. Nxa7 Rxa7 19. Kh1 Raa8 20. Rc2 Nc8 21. Rd2 c6 22. Bd3 b5 23. c5 f5 24. Bb1 Bh4 25. Rd3 Ne7 26. Bd2 Nd5 27. f4 Qf7 28. Rh3 Be7 29. Rg1 g6 30. Ba2 Qg7 31. Qf3 Kf7 32. Be1 Rh8 33. Bxd5 exd5 34. Bh4 Rag8 35. Qg3 h5 36. Bxe7 Kxe7 37. Qg5+ Ke6 38. Re3 Qe7 39. Qf6+ Qxf6 40. exf6+ Kxf6 41. Rge1 Kg7 42. Re7+ Kh6 43. R1e6 Rc8 44. Rd6 Rhe8 45. Rxc6 Rxe7 46. Rxc8 Re3 47. c6 Kg7 48. c7 Rc3 49. h4 Rc2 50. Kg1 Rc4 51. Kf2 Rc2+ 52. Ke3 Rc3+ 53. Kd2 Rc4 54. Rb8 1-0